PRINCIPLES of surgery
Saved in:
| Format: | Book |
|---|---|
| Language: | English |
| Published: |
2022
|
| Tags: |
Add Tag
No Tags, Be the first to tag this record!
|
MARC
| LEADER | 00000nam a22000007a 4500 | ||
|---|---|---|---|
| 008 | 231228b |||||||| |||| 00| 0 eng d | ||
| 020 | |a 9789785927931 | ||
| 245 | |a PRINCIPLES of surgery |c /edited by J.B.Adeyanju, A.Z.Hassan |g xvii, 461p: ill | ||
| 250 | |c Adeyanju, J.B | ||
| 250 | |c Hassan, A.Z. | ||
| 260 | |c 2022 |h Ibadan, Nigeria |i 701675 |i 701676 |i 701677 |i 701678 |l RD31.P93 |m Surgery |m Surgical Procedure, Operative | ||
| 500 | |a it includes references and index | ||
| 942 | |a lcc |c BK |e Johnson |f 28/12/23 | ||
| 952 | |0 0 |1 0 |2 lcc |4 0 |6 RD0031 P93 |7 0 |9 4732 |a HE |b HOL |c QZ |d 2023-12-28 |l 0 |o RD31.P93 |p 2023-0645 |r 2023-12-28 00:00:00 |t 701675 |w 2023-12-28 |y BK | ||
| 952 | |0 0 |1 0 |2 lcc |4 0 |6 RD0031 P93 |7 0 |9 4733 |a HE |b HOL |c QZ |d 2023-12-28 |l 0 |o RD31.P93 |p 2023-0646 |r 2023-12-28 00:00:00 |t 701676 |w 2023-12-28 |y BK | ||
| 952 | |0 0 |1 0 |2 lcc |4 0 |6 RD0031 P93 |7 0 |9 4734 |a HOL |b HOL |c QZ |d 2023-12-28 |l 0 |o RD31.P93 |p 2023-0647 |r 2023-12-28 00:00:00 |t 701677 |w 2023-12-28 |y BK | ||
| 952 | |0 0 |1 0 |2 lcc |4 0 |6 RD0031 P93 |7 0 |9 4735 |a HOL |b HOL |c QZ |d 2023-12-28 |l 0 |o RD31.P93 |p 2023-0648 |r 2023-12-28 00:00:00 |t 701678 |w 2023-12-28 |y BK | ||
| 999 | |c 2373 |d 2373 | ||